Collectio statutorum, gratiarum, et indulgentiarum pro missionibus, earumuqe collegiis de propaganda fide fratrum monorum ...

Detalles Bibliográficos
Formato: Libro
Publicado: Roma 1778
Materias:
Colección:Banco de datos
Acervo:Biblioteca del Ex Convento de Nuestra Señora de Guadalupe. Zacatecas
Tema general:Religiosos
Notas:Regular. XVII,10,27 (s/núm.)
LEADER 00709nam a22001810004500
035 |a 44079 
036 |a 5263 
245 1 0 |a Collectio statutorum, gratiarum, et indulgentiarum pro missionibus, earumuqe collegiis de propaganda fide fratrum monorum ... 
260 |a Roma  |b imp. Benito Francesus  |c 1778 
500 |a Regular. XVII,10,27 (s/núm.) 
650 1 0 |a Religiosos 
949 |a CRZ-CG 
959 |a Ex convento de Nuestra Señora de Guadalupe, Museo Regional de Zacatecas, Zacatecas  |b CCC4 
960 |a Convento de Nuestra Señora de Guadalupe, Zacatecas  |b DD87 
961 |a Franciscana  |b OF 
942 |c CRZ-CG 
943 |g Biblioteca del Ex Convento de Nuestra Señora de Guadalupe. Zacatecas 
999 |c 968206  |d 968206